000
00242nam a22000857a 4500
008
160809b xxu||||| |||| 00| 0 eng d
100
_9
93
_a
Sharma S.K
245
_a
Super simplified science physics-IX
260
_a
Jalandar
_b
S.Dinesh Publication
_c
2013
999
_c
2747
_d
2747